000 01769nam a2200457 c 4500
003 BLK
005 20231107181738.0
008 180408b bul|||||r ||||||| ||bul||
010 _aKNG00078826000
020 _a954-792-207-6
_bиздат.: СКОРПИО ви
040 _aBLK
041 _aBUL
_cBUL
080 _aБългарска литература
_b821.163.2
_x(075.3)
_z821.163.2(075.3)
100 1 _aИнев, Иван Кирилов
_eпърви автор
_9370900
139 _aИнев, Иван Кирилов
_bИ 64
245 1 0 _aАнализи по литература за ХІ клас на средните общообразователни училища
_bУч. помагало
_cИван Кирилов Инев.
257 _aBGR
260 София
_bСКОРПИО ви
_c2005
300 _a341 с.
_c20 см
380 _a82
500 _aСъдържа и Отговори на тестовете.
650 4 _aБългарска литература - учебници за средни училища
_9242481
653 _aбългарска литература
653 _aлитературна критика
653 _aХристо Ботев
653 _aИван Вазов
653 _aАлеко Константинов
653 _aПенчо Славейков
653 _aПейо Яворов
653 _aЕлин Пелин
653 _aДимчо Дебелянов
653 _aНиколай Лилиев
653 _aучебни помагала
653 _aХІ кл.
852 _aЦб 236565
856 4 _qpdf
_u
856 4 _qpdf
_u
942 _cKNG
_n0
_04
944 _aCR
_c02.11.2007
_k30575
_lМартин Енчев
944 _aED
_c21.12.2007
_k
999 _c74425
_d74425